Verbal learning research and the technology of written instruction
Αποθηκεύτηκε σε:
| Κύριοι συγγραφείς: | , |
|---|---|
| Μορφή: | Βιβλίο |
| Γλώσσα: | Αγγλικά |
| Έκδοση: |
Nueva York
Teachers College Press
1971
|
| Σειρά: | Theory and research in teaching
|
| Θέματα: | |
| Ετικέτες: |
Προσθήκη ετικέτας
Δεν υπάρχουν, Καταχωρήστε ετικέτα πρώτοι!
|
MARC
| LEADER | 00000nam a2200000 a 4500 | ||
|---|---|---|---|
| 001 | UCX1265 | ||
| 003 | CL-VaPUC | ||
| 008 | 900710e19710000US |||||||||||||||||eng|d | ||
| 082 | 0 | 4 | |a 801.955 |b ROT |2 21 |
| 100 | 0 | |a Rothkopf, Ernst Z |e author |9 316710 | |
| 700 | 0 | |a Johnson, Paul E |e author |9 316711 | |
| 245 | 1 | 0 | |a Verbal learning research and the technology of written instruction |
| 300 | |a 367 p | ||
| 942 | |c BK | ||
| 945 | |d 19900710 00:00:00 | ||
| 260 | |a Nueva York |b Teachers College Press |c 1971 | ||
| 650 | 7 | |a REDACCION DE ESCRITOS ENSEÑANZA |2 CL-VaPUC |9 316712 | |
| 650 | 0 | |a Oratoria |9 307605 | |
| 583 | |a last modification |c 19900710 00:00:00 |k Rodrigo Vera | ||
| 490 | 0 | |a Theory and research in teaching | |
| 999 | |c 222535 |d 222533 | ||
| 952 | |0 0 |1 0 |4 0 |6 801_955000000000000_ROT_1971 |7 0 |8 A |9 217465 |a FDOPOS |b FDOPOS |d 2019-11-15 |i 2863898 |o 801.955 ROT 1971 |p 2863898 |r 2025-01-22 |w 2019-11-15 |y BK |k MLA | ||